[Event "4th Chessfestival Gredine 2018"]
[Site "Ortisei"]
[Date "2018.06.23"]
[Round "8.2"]
[White "Praggnanandhaa R"]
[Black "Moroni, Luca Jr"]
[Result "1-0"]
[WhiteElo "2529"]
[BlackElo "2549"]
[Annotator "TA"]
[PlyCount "65"]
[EventDate "2018.06.20"]
[EventType "swiss"]
[EventCountry "ITA"]
[SourceTitle "playchess.com"]
[Source "ChessBase"]
[SourceQuality "1"]

{[%evp 12,65,54,53,63,55,57,71,66,63,67,30,89,76,110,101,131,102,187,174,178,131,249,296,315,341,333,310,339,268,338,337,285,207,427,424,417,415,514,506,641,633,630,622,616,604,916,916,905,887,833,660,643,635,2477,2420]} 1. e4 e5 2. Nf3 Nc6 3. Bb5 Nge7 4. c3 g6 5. d4 exd4 6. cxd4 Bg7 {C60: Ruy Lopez: Unusual Black 3rd moves and 3...g6} 7. d5 {LiveBook: 6 Games} a6 8. Be2 Ne5 {White is slightly better.} 9. Nxe5 Bxe5 10. Nc3 d6 11. O-O (11. f4 $5 {[%cal Rf4e5]} Bg7 12. Be3 $14) (11. Be3 O-O 12. f4 Bg7 13. Bd4 Bxd4 14. Qxd4 {1-0 (45) Rozentalis,E (2623)-Gajewski,G (2629) Reykjavik 2014}) 11... c5 (11... f5 $11 {remains equal.}) 12. dxc6 $146 ({Predecessor:} 12. a4 Bd7 13. Be3 O-O 14. Bh6 {0-1 (40) Schlick,V (2332)-Puth,D (2173) Nickenich 2015}) 12... bxc6 13. Bh6 $36 {[%mdl 2048] White has strong initiative.} d5 14. Qd3 Be6 (14... dxe4 $16 {keeps fighting.} 15. Qxe4 Qc7) 15. f4 $18 Qb6+ 16. Kh1 dxe4 (16... Bd4 $16 {was worth a try.}) 17. Nxe4 (17. Qxe4 $6 Bxc3 18. bxc3 Qc5) 17... Rd8 {[#]} 18. Qa3 $1 (18. Qxa6 Qxa6 19. fxe5 Rd3 $16) 18... Bd4 19. Bg5 {[%csl Gg5][%cal Ra3e7]} c5 {[#]} 20. Nf6+ $1 (20. Qxa6 Qxa6 21. Bxa6 Ra8 $16) (20. Bxa6 f5 $11) 20... Bxf6 21. Bxf6 Rg8 22. Rad1 {And now Rxd8+ would win.} ({Much less strong is} 22. Qxa6 $6 Qxa6 23. Bxa6 Rb8 $16) ({Not} 22. Bxa6 Bd5 $16) 22... Rxd1 $2 (22... Bd5) 23. Rxd1 Nd5 24. Bh4 Kf8 {If Black can now play ...Qb4 this consolidates a bit.} 25. Bf3 {White is clearly winning.} Qb5 26. Bxd5 Bxd5 27. Qe3 {Bf6 would kill now.} g5 28. Bxg5 {Intending Qe7+ and mate.} ({Weaker is} 28. Rxd5 Qf1+ 29. Qg1 Qxg1+ 30. Kxg1 gxh4 $16) 28... Qc6 29. Qe7+ Kg7 30. Qe5+ f6 31. Qxd5 Qxd5 32. Rxd5 fxg5 33. Rxg5+ {Precision: White = 83%, Black = 29%.} 1-0

[Event "4th Chessfestival Gredine 2018"]
[Site "Ortisei"]
[Date "2018.06.23"]
[Round "8.3"]
[White "Vocaturo, Daniele"]
[Black "Vaishali R"]
[Result "1/2-1/2"]
[WhiteElo "2608"]
[BlackElo "2310"]
[Annotator "TA"]
[PlyCount "92"]
[EventDate "2018.06.20"]
[EventType "swiss"]
[EventCountry "ITA"]
[SourceTitle "playchess.com"]
[Source "ChessBase"]
[SourceQuality "1"]

{[%evp 16,92,61,58,84,84,99,77,76,90,86,79,95,103,97,97,99,79,85,93,100,64,72,23,43,-14,0,0,0,0,0,0,0,-15,0,-6,10,0,0,-7,20,-9,-6,-43,-39,-54,-44,-83,0,0,0,-25,-21,-21,-21,-21,-21,-29,-45,-45,0,-29,0,-40,-32,-75,-6,-30,-7,-14,-20,-14,0,-6,0,-67,0,-4,0]} 1. e4 c5 2. Nf3 d6 3. Bb5+ Nd7 4. O-O a6 5. Bd3 Ngf6 6. Re1 {B51: Sicilian: Moscow Variation (3 Bb5+) without 3...Bd7} e5 (6... b5 7. c3 Bb7 8. Bc2 c4 9. a4 e6 10. axb5 axb5 11. Rxa8 Qxa8 12. Na3 Bxe4 13. Bxe4 Nxe4 {½-½ (35) Mamedov,R (2704)-Karjakin,S (2778) Shamkir 2018}) 7. a4 b6 8. Bc4 h6 9. c3 {LiveBook: 3 Games} g6 $146 ({Predecessor:} 9... Bb7 10. d3 g6 11. Qb3 Qe7 12. Nbd2 Bg7 {½-½ (50) Pancevski,F (2497)-Esserman,M (2419) Spoleto 2016}) 10. d4 Qe7 11. b4 (11. d5 {seems wilder.} Bg7 12. Bd3 O-O 13. Na3 Bb7 14. Nc4) 11... Bg7 12. bxc5 bxc5 13. dxe5 Nxe5 14. Nxe5 dxe5 15. f3 O-O 16. Be3 Nh5 17. Nd2 Rd8 18. Qc2 Be6 {[#] aiming for ...Rxd2!} 19. Bxe6 Qxe6 20. Bxc5 (20. Rab1 $14) 20... Rac8 21. Be3 Nf4 22. Rab1 Qc6 23. c4 Bf8 24. Rb6 Qd7 25. Nf1 $1 ({Don't play} 25. Rxa6 Nd3 $17) 25... Bc5 26. Rbb1 ({Much worse is} 26. Rxa6 Qb7 $17) 26... Qa7 27. Rb3 Rc7 28. g3 Ne6 29. Qf2 Bd4 30. Bxd4 Rxd4 31. Reb1 Rdxc4 (31... Rcxc4 $17 32. Ne3 Rxa4) 32. Qxa7 $11 Rxa7 33. Rb4 Rc3 34. R1b3 Rac7 35. Rxc3 Rxc3 {[%mdl 4096] Endgame KRN-KRN} 36. Kf2 Rc2+ 37. Ke3 Rc3+ 38. Kf2 Rc2+ 39. Ke3 Nd4 {...Rc3+ is the strong threat.} 40. f4 Re2+ 41. Kd3 {[#] Strongly threatening Rxd4.} Ra2 42. Nd2 $1 Ra3+ 43. Kc4 Ra2 44. Kd3 Ra3+ (44... Ne6 $11) 45. Kc4 $15 Ra2 ({Better is} 45... a5 $1 $15 46. Rb8+ Kg7) 46. Kd3 $11 Ra3+ {Precision: White = 55%, Black = 46%.} 1/2-1/2

[Event "4th Chessfestival Gredine 2018"]
[Site "Ortisei"]
[Date "2018.06.23"]
[Round "8.4"]
[White "Tarlev, Konstantin"]
[Black "Molina, Fabrizio"]
[Result "1-0"]
[WhiteElo "2552"]
[BlackElo "2212"]
[Annotator "TA"]
[PlyCount "111"]
[EventDate "2018.06.20"]
[EventType "swiss"]
[EventCountry "ITA"]
[SourceTitle "playchess.com"]
[Source "ChessBase"]
[SourceQuality "1"]

{[%evp 17,111,16,38,29,40,30,31,37,47,37,37,37,37,37,37,37,39,17,23,0,-7,0,0,-21,-11,-35,-20,-26,0,0,0,0,45,19,23,10,15,0,59,0,33,0,4,2,14,14,25,22,31,25,25,31,27,14,110,87,146,112,175,136,135,125,131,97,107,78,80,85,97,52,80,43,43,43,43,43,43,43,74,63,83,71,69,68,69,68,75,68,273,265,582,557,714,700,669,655]} 1. Nf3 Nf6 2. g3 d5 3. Bg2 Bf5 4. c4 c6 5. cxd5 cxd5 6. Qb3 Qb6 7. Qxb6 axb6 8. d3 Nc6 9. Nc3 e6 {LiveBook: 73 Games} 10. Nh4 {A11: English Opening: 1...c6} (10. O-O h6 11. Bf4 Bc5 12. a3 O-O 13. Rac1 Rfc8 14. Nb5 Ne8 15. b4 Be7 16. Rfe1 g5 17. Bd2 Nd6 18. Nfd4 Nxd4 19. Nxd4 Bg6 20. Rxc8+ Rxc8 {0-1 (38) Bocharov,D (2611)-Riazantsev,A (2651) Sochi 2016}) 10... Nd4 $146 {Strongly threatening ...Nc2+.} ({Predecessor:} 10... Bg6 11. Nxg6 hxg6 12. O-O Bb4 13. Be3 Ng4 14. Bxb6 Ra6 15. Be3 Nxh2 16. Rfc1 Ng4 17. Bd2 Kd7 {½-½ (44) Sanchez,L (2236)-Lye,L (2095) Bangkok 2017}) 11. Rb1 Bg4 12. h3 {White is slightly better.} Bh5 13. g4 Bg6 $1 14. Nxg6 hxg6 15. e3 Nc6 16. a3 Be7 17. b4 O-O 18. Ke2 Rfc8 19. Rb3 Ne8 {[%cal Bf6e8,Be8d6,Bd6b5][%mdl 32]} 20. Bd2 Nd6 21. Rc1 Kh7 22. Kd1 Ne5 23. Ne2 Rxc1+ 24. Bxc1 Nb5 25. Nc3 Nd6 26. Ke2 Rc8 27. Bd2 Ra8 ({Black should play} 27... g5 $11) 28. Bf1 (28. f4 $14 Nc6 29. b5) 28... f5 29. Bg2 (29. f4 $5 {[%cal Rf4e5]} Nc6 30. Kf2 $11) 29... Nc6 30. Kd1 Rf8 {Black wants to play ...fxg4.} 31. gxf5 gxf5 32. Na4 Bd8 33. b5 Na7 34. Nc3 Bh4 35. Ke1 Rf6 (35... Kg8 $11 {remains equal.}) 36. a4 Nac8 (36... Rf8 $142) 37. Ne2 f4 (37... Rf7 $16 {was called for.}) 38. exf4 Nf5 39. Bf3 Rf8 40. Bg4 Nce7 41. Bb4 Ra8 42. Ra3 Kg6 43. Kf1 Kf7 44. Bd2 Bf6 45. Be3 d4 46. Bd2 Nd5 47. Bf3 Nfe7 48. Be4 Rh8 49. a5 bxa5 50. Rxa5 Rd8 51. Ra7 Rd7 52. Ba5 Nc3 $2 {[#]} (52... Nc8 $14 53. Ra8 Nce7) 53. Bc6 $1 $18 {[%cal Rc6d7][%mdl 512]} Rd6 $2 (53... bxc6 {is tougher.} 54. Rxd7 cxb5) 54. Rxb7 {White is clearly winning.} Ncd5 55. Ng3 Kg6 56. Be8+ {Precision: White = 56%, Black = 48%.} 1-0

[Event "4th Chessfestival Gredine 2018"]
[Site "Ortisei"]
[Date "2018.06.23"]
[Round "8.5"]
[White "Pruijssers, Roeland"]
[Black "Kveinys, Aloyzas"]
[Result "1-0"]
[WhiteElo "2514"]
[BlackElo "2519"]
[Annotator "TA"]
[PlyCount "107"]
[EventDate "2018.06.20"]
[EventType "swiss"]
[EventCountry "ITA"]
[SourceTitle "playchess.com"]
[Source "ChessBase"]
[SourceQuality "1"]

{[%evp 12,107,26,39,23,29,35,23,29,14,29,40,41,35,43,31,47,38,33,40,47,49,46,47,45,35,42,46,44,38,46,36,68,27,68,41,39,12,16,21,22,47,34,-50,-36,-35,-43,-80,-66,-121,-107,-109,-93,-117,-131,-135,-87,-205,0,0,-18,0,-2,0,-13,-80,-53,-96,-89,-70,-30,-77,-76,-70,-57,-73,-37,-70,-15,-14,-16,-6,-12,-8,-19,-28,0,0,0,0,0,0,0,0,0,0,467,460]} 1. e4 e5 2. Bc4 Nf6 3. d3 c6 4. Nf3 Be7 5. O-O d6 6. c3 O-O 7. Re1 {LiveBook: 16 Games. C24: Bishop's Opening: 2...Nf6} (7. Bb3 Nbd7 8. Nbd2 d5 9. exd5 cxd5 10. Re1 Bd6 11. Nf1 h6 12. Ng3 Re8 13. d4 e4 14. Nh4 Nf8 15. Nhf5 {½-½ (67) Wang,H (2702)-Kuzubov,Y (2652) Tbilisi 2017}) 7... b5 8. Bb3 a6 9. Nbd2 {White is slightly better.} Nbd7 10. Nf1 Nc5 11. Bc2 Re8 12. d4 Ncd7 13. Ng3 $146 ({Predecessor:} 13. Ne3 g6 14. h3 Bf8 15. Ng4 Nxg4 16. hxg4 Bg7 17. Bg5 {½-½ (32) Jimenez Rojas,H-Janetschek,K Leipzig 1960}) 13... g6 14. h3 Bf8 15. Bg5 h6 16. Be3 Bb7 17. Qd2 Kh7 18. b3 exd4 19. cxd4 c5 20. d5 Bg7 21. Rac1 b4 22. Bd3 (22. Bf4 $5 {[%cal Rf4d6]}) 22... Nb6 23. Qc2 Nfd7 24. h4 Ne5 $1 25. Nxe5 Bxe5 26. h5 Qh4 27. Rf1 (27. f4 $14 Bc3 28. Qf2) 27... g5 $1 $15 {[%cal Bg6g5,Bg5g4][%mdl 32]} 28. Qd2 Rg8 29. Rfe1 Bc8 30. Be2 {[#]} (30. Nf1 $15) 30... Nd7 $1 $17 31. Nf1 {[%cal Bg3f1,Bf1e3,Be3c4][%mdl 32]} Nf6 32. Qd1 g4 33. g3 Qxh5 34. Bf4 {[#]} (34. Nd2 $17 {was necessary.}) 34... Bd7 $2 ({Stronger than} 34... Nxe4 35. Bxe5 Qxe5 36. Bd3 $11) ({Black should try} 34... Bxf4 $1 $19 35. gxf4 Nxe4) 35. Bxe5 $1 $11 Qxe5 36. Ne3 $1 {[%cal Re3c4]} Rg5 37. Nc4 Qe7 $36 {[%mdl 2048] Black is pushing.} 38. Bd3 (38. Qc2 $11 Kg8 39. e5 dxe5 40. Ne3) 38... Kg8 39. e5 dxe5 40. d6 Qe8 41. Nb6 Rb8 42. Nxd7 Nxd7 43. Bxa6 Rb6 44. Qd3 $1 Qb8 (44... Qd8 $15) 45. Rcd1 Kg7 46. Bc4 Qd8 47. Qd5 Qf6 48. Qa8 Rb8 (48... Rh5 $5 {[%cal Rb6d6]}) 49. Qc6 Rd8 $1 50. Qc7 Rf5 51. Rd2 e4 52. Rxe4 {Strongly threatening Bxf7!} Ne5 53. Be2 {Hoping for Re3.} Rd7 $2 {[%mdl 8192] [#]} (53... Qg5 $11 {and Black stays safe.} 54. Rd5 Qc1+ 55. Rd1 Qc2) 54. Rxe5 $1 {[%mdl 512] Precision: White = 52%, Black = 64%.} 1-0

[Event "4th Chessfestival Gredine 2018"]
[Site "Ortisei"]
[Date "2018.06.23"]
[Round "8.6"]
[White "Kumar, Nikhil"]
[Black "Sonis, Francesco"]
[Result "0-1"]
[WhiteElo "2286"]
[BlackElo "2448"]
[Annotator "TA"]
[PlyCount "56"]
[EventDate "2018.06.20"]
[EventType "swiss"]
[EventCountry "ITA"]
[SourceTitle "playchess.com"]
[Source "ChessBase"]
[SourceQuality "1"]

{[%evp 13,56,9,0,0,7,6,4,0,4,0,7,-21,-11,-96,-91,-112,-106,-115,-58,-116,-114,-207,-208,-205,-193,-215,-192,-252,-252,-296,-292,-308,-309,-309,-299,-293,-291,-297,-277,-477,-474,-464,-456,-933,-908]} 1. d4 d5 2. c4 c6 3. Nf3 Nf6 4. Qb3 dxc4 5. Qxc4 Bg4 6. Qb3 {D23: Queen's Gambit Accepted: 3 Nf3 Nf6 sidelines} Qb6 7. Nbd2 Nbd7 {LiveBook: 8 Games} 8. e3 $146 {The position is equal.} ({Predecessor:} 8. Nc4 Qc7 9. g3 Be6 10. Bf4 Qc8 11. Ng5 Bxc4 12. Qxc4 e6 13. Qb3 h6 14. Nf3 {½-½ (79) Jumabayev,R (2603)-Kamsky,G (2676) Bastia 2017}) 8... Qxb3 9. Nxb3 e6 10. Be2 a5 {[%cal Ba7a5,Ba5a4,Ba4a3,Ba3b2][%mdl 32]} 11. Bd2 Ne4 12. h3 Bf5 13. Nh4 (13. a4 $11 {keeps the balance.}) 13... a4 $17 14. Nc1 Nxd2 15. Kxd2 Bb4+ 16. Kd1 {[#]} a3 $1 {[%cal Ra3b2]} 17. Nd3 (17. b3 $17 {was worth a try.}) 17... Bxd3 $19 18. Bxd3 axb2 19. Rb1 Ra3 ({Don't take} 19... Rxa2 20. Kc2 $17) 20. Ke2 {[#]} (20. Rxb2 $142 Be7 21. Be4 Bxh4 22. Rxb7) 20... Bc3 $1 ({Weaker is} 20... Rxa2 21. Bc4 $17) 21. Bc4 b5 22. Bb3 c5 {[%cal Bc6c5,Bc5c4][%mdl 32]} 23. Kd3 b4 24. Nf3 Ke7 25. Rhd1 Rc8 26. Nd2 $2 (26. h4) 26... Bxd2 {Black is clearly winning.} 27. Kxd2 c4 28. Bc2 (28. Bxc4 $142 Rxc4 29. Rxb2) 28... Rxa2 {Precision: White = 29%, Black = 90%.} 0-1

[Event "4th Chessfestival Gredine 2018"]
[Site "Ortisei"]
[Date "2018.06.23"]
[Round "8.7"]
[White "Thiel, Thomas"]
[Black "Kindermann, Stefan"]
[Result "0-1"]
[WhiteElo "2261"]
[BlackElo "2506"]
[Annotator "TA"]
[PlyCount "68"]
[EventDate "2018.06.20"]
[EventType "swiss"]
[EventCountry "ITA"]
[SourceTitle "playchess.com"]
[Source "ChessBase"]
[SourceQuality "1"]

{[%evp 29,68,-26,-25,-56,-45,-191,-185,-194,-181,-190,-154,-176,-177,-191,-194,-191,-204,-209,-220,-183,-176,-236,-236,-236,-241,-282,-235,-254,-241,-252,-250,-267,-250,-287,-287,-294,-311,-320,-293,-333,-372]} 1. e4 e6 2. d4 d5 3. Nc3 Nf6 4. Bg5 Bb4 5. e5 h6 6. Bd2 Bxc3 7. bxc3 Ne4 8. Qg4 Kf8 9. Bd3 Nxd2 10. Kxd2 c5 11. h4 c4 12. Bf1 {C12: Französische Verteidigung (MacCutcheon-Variante)} (12. Be2 b5 13. Qf4 a5 14. a3 Nc6 15. Nf3 Qe7 16. h5 Rb8 17. g4 Ke8 18. Rhg1 b4 19. axb4 axb4 {½-½ (58) Smeets,J (2669)-Socko,B (2657) Khanty-Mansiysk 2010}) 12... Nc6 13. Rh3 b5 {[%cal Bb7b5,Bb5b4][%mdl 32]} 14. Ne2 Bd7 15. Nf4 Ne7 {LiveBook: 3 Partien} 16. Rf3 {Mit der Idee Sxe6+.} Nf5 17. Qh3 $146 (17. g3 $15) ({Vorgänger:} 17. Be2 Rg8 18. a3 a5 19. g3 g5 20. hxg5 hxg5 {0-1 (53) Quinones Maletti,J (2164)-Andreasen,J (2189) Ballerup 2017}) 17... b4 $19 ({Schwächer ist} 17... Nxh4 18. Qxh4 $1 {[%mdl 512]} Qxh4 19. Ng6+ Ke8 20. Nxh4 $14) 18. Ke1 bxc3 (18... Nxh4 19. Qxh4 $1 {[%mdl 512]} Qxh4 20. Ng6+ Ke8 21. Nxh4 $16) 19. Rd1 Kg8 ({Nicht} 19... Nxh4 {[#]} 20. Qxh4 $1 {[%mdl 512]} Qxh4 21. Ng6+ Ke8 22. Nxh4 $15) 20. h5 Rb8 21. Rxc3 Qa5 22. g4 Ne7 23. Bg2 Rb2 24. Kf1 Rxa2 25. Kg1 (25. Ne2 {ist eine bessere Verteidigung.}) 25... Ra1 26. Rxa1 Qxa1+ 27. Kh2 Qd1 28. Qe3 Qxg4 29. Bh3 Qh4 30. Ra3 Nc6 31. Kg1 Qe7 {Schwarz hat entscheidenden Vorteil.} 32. Ra1 Kh7 33. Kh2 a5 34. Rg1 Rg8 {Precision: Weiß = 39%, Schwarz = 93%.} 0-1

[Event "4th Chessfestival Gredine 2018"]
[Site "Ortisei"]
[Date "2018.06.23"]
[Round "8.8"]
[White "Sarkar, Justin"]
[Black "Jaracz, Pawel"]
[Result "1-0"]
[WhiteElo "2297"]
[BlackElo "2467"]
[Annotator "TA"]
[PlyCount "99"]
[EventDate "2018.06.20"]
[EventType "swiss"]
[EventCountry "ITA"]
[SourceTitle "playchess.com"]
[Source "ChessBase"]
[SourceQuality "1"]

{[%evp 27,99,7,14,9,10,28,11,13,31,20,31,29,25,17,20,4,2,0,0,0,0,0,0,-1,2,2,2,3,7,4,10,19,42,20,32,52,36,49,159,159,167,167,167,167,215,212,211,210,215,166,161,161,166,159,160,159,159,159,159,159,263,253,1407,961,29967,29962,29961,29959,29957,29958,29954,29954,29957,5456]} 1. e4 c5 2. Nf3 d6 3. d4 cxd4 4. Nxd4 Nf6 5. Nc3 a6 6. g3 e6 7. Bg2 Bd7 8. O-O Nc6 9. Re1 Be7 10. Nxc6 Bxc6 11. e5 dxe5 12. Bxc6+ bxc6 13. Qxd8+ {B80: Sizilianisch (Scheveninger System)} Rxd8 14. Rxe5 Nd5 {LiveBook: 3 Partien} 15. Na4 $146 {Die Stellung ist ausgeglichen.} ({Vorgänger:} 15. Nxd5 cxd5 16. c3 Rc8 17. Re2 Kd7 18. Be3 Bf6 19. Rd1 Rc4 20. Bd4 Bxd4 21. Rxd4 Rxd4 22. cxd4 {0-1 (40) Inants,A (2230)-Ibrahimov,R (2550) Mashhad 2010}) 15... Nb4 16. Re2 Rd1+ 17. Kg2 O-O 18. Nc3 Rd7 19. a3 Nd5 20. Na4 Rb8 21. c4 Nb6 22. Bf4 {Schwarz muss nun Sc5 beachten.} Rbb7 23. Nxb6 Rxb6 24. b4 Rbb7 25. Rd2 Rxd2 26. Bxd2 $11 {[%mdl 4096] Endspiel KTL-KTL} Rd7 27. Ra2 Rd4 28. Rc2 Rd3 29. a4 {[%cal Ba3a4,Ba4a5,Ba5a6][%mdl 32]} f6 30. b5 axb5 31. cxb5 cxb5 32. a5 {Droht stark Tc8+.} Bc5 {[#]} (32... Rd6 $1 $14) 33. a6 $1 $16 {[%mdl 1024] Weiss hat starke Kompensation.} ({Viel schwächer ist} 33. Rxc5 $6 Rxd2 34. Rxb5 Ra2 $11) 33... Bb6 {[#]} 34. Ba5 $1 {[%mdl 512]} Bd4 (34... Bxa5 35. Rc8+) 35. Rd2 Ra3 {...e5 ist eine echte Drohung.} 36. Bb4 Rxa6 {Und ...e5 würde nun gewinnen.} 37. Rxd4 $18 {KTL-KT} Ra4 38. Bc5 Rxd4 39. Bxd4 {KL-KB} e5 40. Bc3 Kf7 41. Kf3 Ke6 42. Ke4 f5+ 43. Kd3 g5 {[#]} (43... Kd5 $16 {war angesagt.} 44. Bd2 Ke6) 44. g4 $1 fxg4 $2 (44... Kf6 45. f3 Ke6 46. gxf5+ Kxf5) 45. Ke4 h5 46. Bb4 {Weiß setzt Matt.} Kf6 47. Ba5 h4 48. Bd2 Ke6 49. Bxg5 b4 50. Bxh4 {Precision: Weiß = 83%, Schwarz = 53%.} 1-0

[Event "4th Chessfestival Gredine 2018"]
[Site "Ortisei"]
[Date "2018.06.23"]
[Round "8.9"]
[White "Curien, Nicolas"]
[Black "Hecht, Hans-Joachim"]
[Result "0-1"]
[WhiteElo "2204"]
[BlackElo "2327"]
[Annotator "NA"]
[PlyCount "80"]
[EventDate "2018.06.20"]
[EventType "swiss"]
[EventCountry "ITA"]
[SourceTitle "playchess.com"]
[Source "ChessBase"]
[SourceQuality "1"]
[TimeControl "40/5400+30:1800+30"]

1. d4 {[%emt 0:00:30]} g6 {[%emt 0:01:00]} 2. e4 {[%emt 0:00:00]} Bg7 {[%emt 0:00:00]} 3. Nc3 {[%emt 0:00:00]} d6 {[%emt 0:00:00]} 4. Be3 {[%emt 0:00:30]} a6 {[%emt 0:01:30]} 5. Qd2 {[%emt 0:01:30]} Nd7 {[%emt 0:01:30]} 6. O-O-O {[%emt 0:02:30]} b5 {[%emt 0:00:30]} 7. h4 {[%emt 0:01:30]} Bb7 {[%emt 0:01:30]} 8. f3 {[%emt 0:04:30]} c5 {[%emt 0:18:30]} 9. h5 {[%emt 0:08:30]} cxd4 {[%emt 0:24:30]} 10. Bxd4 {[%emt 0:00:00]} Bxd4 {[%emt 0:00:30]} 11. Qxd4 {[%emt 0:01:00]} Ngf6 {[%emt 0:00:30]} 12. hxg6 {[%emt 0:03:30]} fxg6 {[%emt 0:00:00]} 13. Nh3 {[%emt 0:04:30]} Qb6 {[%emt 0:03:00]} 14. Qd2 {[%emt 0:16:30]} Rc8 {[%emt 0:05:30]} 15. Nf4 {[%emt 0:02:30]} Ne5 {[%emt 0:05:30]} 16. Kb1 {[%emt 0:01:30]} b4 {[%emt 0:05:30]} 17. Ncd5 {[%emt 0:05:30]} Bxd5 {[%emt 0:00:30]} 18. exd5 {[%emt 0:01:30]} Rc5 {[%emt 0:00:30]} 19. Bd3 {[%emt 0:11:30]} Rg8 {[%emt 0:04:30]} 20. Qf2 {[%emt 0:04:30]} Qb7 {[%emt 0:06:22]} 21. Be4 {[%emt 0:02:30]} a5 {[%emt 0:01:33]} 22. Rd4 {[%emt 0:04:30]} Kd7 {[%emt 0:04:11]} 23. Ne6 {[%emt 0:05:19]} Rc4 {[%emt 0:00:32]} 24. Rxc4 {[%emt 0:03:00]} Nxc4 {[%emt 0:00:02]} 25. Qd4 {[%emt 0:00:16]} Nb6 {[%emt 0:04:01]} 26. Nf4 {[%emt 0:02:13]} Kc8 {[%emt 0:00:23]} 27. g4 {[%emt 0:00:53]} g5 {[%emt 0:04:26]} 28. Ne6 {[%emt 0:04:01]} Kb8 {[%emt 0:00:28]} 29. Bxh7 {[%emt 0:03:02]} Rh8 {[%emt 0:01:35]} 30. Nxg5 {[%emt 0:00:19]} Nbxd5 {[%emt 0:00:05]} 31. Re1 {[%emt 0:02:52]} e5 {[%emt 0:02:02]} 32. Qd3 {[%emt 0:01:36]} Nxh7 {[%emt 0:00:44]} 33. Rh1 {[%emt 0:00:22]} Ndf6 {[%emt 0:01:44]} 34. Nxh7 {[%emt 0:03:04]} Rxh7 {[%emt 0:00:36]} 35. Qxd6+ {[%emt 0:00:22]} Qc7 {[%emt 0:00:40]} 36. Qf8+ {[%emt 0:00:20]} Kb7 {[%emt 0:00:11]} 37. Rd1 {[%emt 0:01:05]} Rh2 {[%emt 0:01:25]} 38. c3 {[%emt 0:00:41]} bxc3 {[%emt 0:00:37]} 39. Rc1 {[%emt 0:00:32]} c2+ {[%emt 0:01:10]} 40. Ka1 {[%emt 0:00:09]} Rh1 {[%emt 0:30:03]} 0-1

[Event "4th Chessfestival Gredine 2018"]
[Site "Ortisei"]
[Date "2018.06.23"]
[Round "8.10"]
[White "Fischer, Daniel"]
[Black "Wiesinger, Robert"]
[Result "1-0"]
[WhiteElo "2263"]
[BlackElo "2199"]
[Annotator "NA"]
[PlyCount "79"]
[EventDate "2018.06.20"]
[EventType "swiss"]
[EventCountry "ITA"]
[SourceTitle "playchess.com"]
[Source "ChessBase"]
[SourceQuality "1"]
[TimeControl "40/5400+30:1800+30"]

1. e4 {[%emt 0:00:30]} e5 {[%emt 0:01:00]} 2. Nf3 {[%emt 0:00:00]} Nc6 {[%emt 0:00:00]} 3. Bc4 {[%emt 0:00:00]} Bc5 {[%emt 0:00:00]} 4. c3 {[%emt 0:00:00]} Nf6 {[%emt 0:00:00]} 5. d3 {[%emt 0:00:00]} a6 {[%emt 0:00:00]} 6. Bb3 {[%emt 0:00:30]} d6 {[%emt 0:01:30]} 7. h3 {[%emt 0:00:30]} O-O {[%emt 0:03:30]} 8. Bg5 {[%emt 0:01:30]} h6 {[%emt 0:07:30]} 9. Bh4 {[%emt 0:00:00]} g5 {[%emt 0:17:30]} 10. Bg3 {[%emt 0:00:00]} Nh5 {[%emt 0:02:30]} 11. Bh2 {[%emt 0:00:30]} Qf6 {[%emt 0:02:30]} 12. Nbd2 {[%emt 0:02:30]} Ba7 {[%emt 0:06:30]} 13. Qe2 {[%emt 0:04:30]} Be6 {[%emt 0:13:30]} 14. O-O-O {[%emt 0:07:30]} Nf4 {[%emt 0:05:30]} 15. Bxf4 {[%emt 0:00:30]} gxf4 {[%emt 0:03:30]} 16. g4 {[%emt 0:03:30]} Kh8 {[%emt 0:04:30]} 17. Rhg1 {[%emt 0:06:30]} Rg8 {[%emt 0:00:30]} 18. Kb1 {[%emt 0:01:30]} Bd7 {[%emt 0:04:30]} 19. Bc2 {[%emt 0:14:30]} Rg7 {[%emt 0:00:30]} 20. Nb3 {[%emt 0:02:30]} Be6 {[%emt 0:04:30]} 21. Ka1 {[%emt 0:07:30]} b5 {[%emt 0:11:16]} 22. d4 {[%emt 0:11:30]} Bc4 {[%emt 0:06:22]} 23. Qd2 {[%emt 0:02:30]} a5 {[%emt 0:01:04]} 24. d5 {[%emt 0:04:30]} Bxb3 {[%emt 0:00:48]} 25. Bxb3 {[%emt 0:03:30]} Ne7 {[%emt 0:00:03]} 26. h4 {[%emt 0:02:30]} Ng8 {[%emt 0:01:20]} 27. g5 {[%emt 0:03:30]} Qg6 {[%emt 0:00:47]} 28. Bc2 {[%emt 0:06:06]} Qh5 {[%emt 0:00:10]} 29. Qe2 {[%emt 0:02:23]} hxg5 {[%emt 0:00:25]} 30. hxg5 {[%emt 0:01:39]} Rh7 {[%emt 0:00:07]} 31. Rg2 {[%emt 0:01:31]} Ne7 {[%emt 0:01:59]} 32. Rdg1 {[%emt 0:01:44]} Qh3 {[%emt 0:01:11]} 33. Rh2 {[%emt 0:05:48]} Qd7 {[%emt 0:00:42]} 34. Rxh7+ {[%emt 0:01:06]} Kxh7 {[%emt 0:00:02]} 35. g6+ {[%emt 0:00:55]} Nxg6 {[%emt 0:01:11]} 36. Ng5+ {[%emt 0:00:19]} Kg7 {[%emt 0:00:12]} 37. Qh5 {[%emt 0:00:52]} Rh8 {[%emt 0:00:16]} 38. Ne6+ {[%emt 0:00:45]} fxe6 {[%emt 0:01:33]} 39. Qxg6+ {[%emt 0:00:28]} Kf8 {[%emt 0:00:05]} 40. Qf6+ {[%emt 0:00:16]} 1-0